| 000 | 00892nam a22002891 4500 | ||
|---|---|---|---|
| 001 | 01107648 | ||
| 003 | DO-SdBNP | ||
| 005 | 20240716094857.0 | ||
| 007 | 01107648 | ||
| 008 | 920725s2009 sp spa | ||
| 017 |
_a _b |
||
| 020 | _a9788466212939 | ||
| 035 | _a | ||
| 040 |
_aBPMSU _bspa _cBPMSU |
||
| 082 | 4 |
_a398.9 _bM678p 2009 _222 |
|
| 245 | 0 | 0 |
_aMis primeros refranes / _ccompilación Lucrecia Pérsico; ilustración Jorge de Juan _h |
| 260 |
_aMadrid : _bEditorial Libsa, _c2009 |
||
| 300 |
_a91 p. : _bil,. ; _c29 cm |
||
| 590 | _aInventariado, 2024/VM | ||
| 650 | 4 |
_aRefranes y proverbios _xLiteratura infantil _v _2 |
|
| 650 | 4 | _a Libros ilustrados infantiles | |
| 700 | 1 |
_aPérsico, Lucrecia _ecompiladora |
|
| 700 | 1 |
_aJuan, Jorge de _eilustraciones |
|
| 710 | 2 | _aUniversidad de Puerto Rico | |
| 910 | _aVMateo V. Control de calidad. BPMSU | ||
| 942 |
_2ddc _cBK |
||
| 999 |
_c14736 _d14736 |
||